| 000 | 00405nam a22001577a 4500 | ||
|---|---|---|---|
| 003 | GBCCL | ||
| 005 | 20251201140710.0 | ||
| 008 | 180704b ||||| |||| 00| 0 eng d | ||
| 040 | _cgbc | ||
| 082 |
_a220.59143 _bHIN 1 |
||
| 245 | _aThe Holy Bible (Hindi OV) | ||
| 260 |
_aBangalore: _bBible Society of India |
||
| 300 |
_a1338, 377 p.; _bmap., _c19 cm. |
||
| 650 |
_aBible _xHindi _912350 |
||
| 942 |
_2ddc _cLAN |
||
| 999 |
_c6931 _d6931 |
||